000
00246nam a22000857a 4500
008
160711b xxu||||| |||| 00| 0 eng d
100
_9
2549
_a
Arora S L
245
_a
Simplified Physics class XI
_b
Volume I
260
_a
New Delhi
_b
Dhanpad Publication
_c
2012
999
_c
2215
_d
2215